Score 0/18 Timer 04:00
0 Plays Today
Character/Actor Missing Word % Correct
↑ portrayed by ↑
_____ Bateman
Jason
95.2%
↓ character ↓
Michael _____
Bluth
93.2%
↗ character ↗
George-_______ Bluth
Michael
89.8%
↓ character ↓
Tobias _____
Fünke
86.7%
↑ portrayed by ↑
Portia de _____
Rossi
86.6%
↓ character ↓
______ Bluth Sr.
George
84.1%
↙ portrayed by ↙
Michael ____
Cera
83.5%
↑ portrayed by ↑
Will ______
Arnett
82.2%
↓ character ↓
___ Bluth
Gob
80.7%
Character/Actor Missing Word % Correct
↓ character ↓
_____ Fünke
Maeby
76.3%
↑ portrayed by ↑
Jeffrey ______
Tambor
69.1%
↑ portrayed by ↑
David _____
Cross
68.5%
↓ character ↓
_______ Bluth Fünke
Lindsay
66.6%
↓ character ↓
______ Bluth
Buster
65.5%
↓ character ↓
_______ Bluth
Lucille
61.3%
↑ portrayed by ↑
____ Shawkat
Alia
47.8%
↑ portrayed by ↑
Jessica ______
Walter
42.7%
↑ portrayed by ↑
Tony ____
Hale
40.8%

Today's Daily Dose

Quick Pick
Colorful Movies

Get the Picture
Dog Breeds II

Remove Ads.
Support Sporcle.
Get the best of Sporcle when you Go Orange. This ad-free experience offers more features, more stats, and more fun while also helping to support Sporcle. Thank you for becoming a member.

You're not logged in!

Compare scores with friends on all Sporcle quizzes.
OR
Log In

Show Comments

Extras

Top Quizzes Today


Score Distribution

Your Account Isn't Verified!

In order to create a playlist on Sporcle, you need to verify the email address you used during registration. Go to your Sporcle Settings to finish the process.

Report this User

Report this user for behavior that violates our Community Guidelines.

Details: